[Event "Anapa Blitz op"]
[Site "Anapa"]
[Date "2023.10.06"]
[Round "7"]
[White "Petrov, Alexander T"]
[Black "Zhelezov, Alexey"]
[Result "1-0"]
[WhiteElo "1554"]
[BlackElo "1278"]
[PlyCount "47"]
[EventDate "2023.10.06"]
[EventType "swiss (blitz)"]
[EventRounds "13"]
[EventCountry "RUS"]
[SourceTitle "CBM 216 Extra"]
[Source "ChessBase"]
[SourceDate "2023.11.30"]
[SourceVersion "1"]
[SourceVersionDate "2023.11.30"]
[SourceQuality "1"]

1. d4 d5 2. c4 Nf6 3. cxd5 Nxd5 4. e4 Nf6 5. Nc3 Bg4 6. f3 Bh5 7. Be3 e6 8. Qb3 b6 9. Rc1 Be7 10. Nge2 0-0 11. Nf4 Bg6 12. Bb5 a6 13. Be2 Nbd7 14. h4 h6 15. Nxg6 fxg6 16. Qxe6+ Kh8 17. e5 Nh5 18. Qxg6 Bxh4+ 19. Kd2 Ng3 20. Bd3 Nf5 21. Bxf5 Rxf5 22. Qxf5 c5 23. d5 Bg3 24. Bxh6 1-0

[Event "Anapa Blitz op"]
[Site "Anapa"]
[Date "2023.10.06"]
[Round "2"]
[White "Zhelezov, Alexey"]
[Black "Ognev, Lev"]
[Result "0-1"]
[WhiteElo "1278"]
[BlackElo "1395"]
[PlyCount "66"]
[EventDate "2023.10.06"]
[EventType "swiss (blitz)"]
[EventRounds "13"]
[EventCountry "RUS"]
[SourceTitle "CBM 216 Extra"]
[Source "ChessBase"]
[SourceDate "2023.11.30"]
[SourceVersion "1"]
[SourceVersionDate "2023.11.30"]
[SourceQuality "1"]

1. e4 e5 2. f4 exf4 3. Nf3 Nf6 4. e5 Nd5 5. Bc4 Nb6 6. Bb3 d6 7. 0-0 Be7 8. d4 Bg4 9. Bxf4 0-0 10. c3 dxe5 11. Bxe5 Bf6 12. Qd3 Bxf3 13. Qxf3 Bxe5 14. Bxf7+ Kh8 15. dxe5 Nc6 16. e6 Qe7 17. Nd2 Rad8 18. Ne4 Ne5 19. Qh5 Nxf7 20. Rxf7 Qxe6 21. Ng5 Qg6 22. Qxg6 hxg6 23. Raf1 Rfe8 24. Rxc7 Rd2 25. Rxb7 Rd5 26. Nf7+ Kh7 27. Rxa7 Rd2 28. Ng5+ Kh6 29. Nf3 Rxb2 30. Ra6 Nc4 31. Nd4 Ne3 32. Re1 Rxg2+ 33. Kh1 Re4 0-1